Statistics for Top 10 U.S. States for Seat Belt Usage

Click here to take the quiz!

General Stats

  • This quiz has been taken 23 times
  • The average score is 7 of 10

Answer Stats

% State % Correct
96.2California
95%
97.6Washington
90%
97.0Oregon
86%
94.7Maryland
76%
93.8Texas
67%
97.6Hawaii
62%
95.2Michigan
62%
93.2Nevada
62%
93.7New Jersey
57%
93.1Iowa
48%

Score Distribution

Percentile by Number Answered

Percent of People with Each Score

Your Score History

You have not taken this quiz